عرض عادي عرض مارك
  • توفيق، عبد الرحمن

مدخل إسم شخص

عدد التسجيلات المستخدمة في: 4

001 - رقم الضبط

  • حقل الضبط: 34315

003 - معرف رقم الضبط

  • حقل الضبط: OSt

005 - تاريخ ووقت أخر عملية

  • حقل الضبط: 20130314095524.0

008 - عناصر بيانات ثابتة الطول

  • حقل تحكم ثابت الطول: 130314|||a|||||| | ||| d

040 ## - مصدر الفهرسة

  • هيئة الفهرسة الأصلية: OSt
  • وكالة الكتابة: OSt

100 ## - مدخل -- أسم شخص

  • إسم شخص: توفيق، عبد الرحمن
  • مصطلح الرابط: مشرف.

670 ## - بيانات المصدر موجوده

  • الاستشهاد بالمصدر: Work cat.: (OSt): 34312, إعداد التقارير وإدارة الاجتماعات /, 2007